Architecture : (Record no. 353762)

000 -LEADER
fixed length control field 00888nam a22002657a 4500
003 - CONTROL NUMBER IDENTIFIER
control field OSt
005 - DATE AND TIME OF LATEST TRANSACTION
control field 20180116192417.0
008 - FIXED-LENGTH DATA ELEMENTS--GENERAL INFORMATION
fixed length control field 130730t xxu||||| |||| 00| 0 eng d
020 ## - INTERNATIONAL STANDARD BOOK NUMBER
International Standard Book Number 3791335278 (hd.bd.)
020 ## - INTERNATIONAL STANDARD BOOK NUMBER
International Standard Book Number 9783791335278 (hd.bd.)
040 ## - CATALOGING SOURCE
Transcribing agency 00
082 ## - DEWEY DECIMAL CLASSIFICATION NUMBER
Classification number 720.108
100 1# - MAIN ENTRY--PERSONAL NAME
Personal name Jodidio, Philip.
9 (RLIN) 6808
245 10 - TITLE STATEMENT
Title Architecture :
Remainder of title nature /
Statement of responsibility, etc. Philip Jodidio.
260 ## - PUBLICATION, DISTRIBUTION, ETC.
Place of publication, distribution, etc. Munich ;
-- New York :
Name of publisher, distributor, etc. Prestel,
Date of publication, distribution, etc. c2006.
300 ## - PHYSICAL DESCRIPTION
Extent 188 p. :
Other physical details ill. (chiefly col.) ;
Dimensions 29 cm.
504 ## - BIBLIOGRAPHY, ETC. NOTE
Bibliography, etc. note Includes bibliographical references.
650 ## - SUBJECT ADDED ENTRY--TOPICAL TERM
Topical term or geographic name entry element Architecture, Modern
Chronological subdivision 20th century.
9 (RLIN) 6809
650 ## - SUBJECT ADDED ENTRY--TOPICAL TERM
Topical term or geographic name entry element Architecture, Modern
Chronological subdivision 21st century.
9 (RLIN) 6810
650 ## - SUBJECT ADDED ENTRY--TOPICAL TERM
Topical term or geographic name entry element Nature (Aesthetics)
9 (RLIN) 6811
650 ## - SUBJECT ADDED ENTRY--TOPICAL TERM
Topical term or geographic name entry element Architecture visionnaire.
9 (RLIN) 6812
650 ## - SUBJECT ADDED ENTRY--TOPICAL TERM
Topical term or geographic name entry element Nature (Esthétique)
9 (RLIN) 6813
942 ## - ADDED ENTRY ELEMENTS (KOHA)
Source of classification or shelving scheme
Koha item type Book
Holdings
Withdrawn status Lost status Source of classification or shelving scheme Damaged status Not for loan Permanent Location Current Location Date acquired Total Checkouts Full call number Barcode Date last seen Date last checked out Cost, replacement price Price effective from Koha item type
          School of Art Design and Architecture (SADA) School of Art Design and Architecture (SADA) 06/20/2013 1 720.108 JOD 2006 SADA0002031 06/10/2015 05/21/2015 4852.57 07/30/2013 Book
© 2023 Central Library, National University of Sciences and Technology. All Rights Reserved.